000 00550 a2200169 4500
020 _a1852338679
040 _aDLC
_bDLC
245 0 0 _aAdvanced techniques in knowledge discovery and data mining
_cNikhil R. Pal and Lakhmi Jain
260 _aNew York :
_bSpringer-Verlag,
_c2005.
300 _axii, 254 p. :
_bill. ;
_c25 cm.
440 0 _aAdvanced information and knowledge processing.
650 0 _aKnowledge acquisition (Expert systems)
650 0 _aData mining.
700 1 _aPal, Nikhil R.
700 1 _aJain, L. C.
942 _cBK
_k006.3 PAL
_2ddc
999 _c6799
_d6799